000 01028cas a2200277 a 4500
005 20170511120935.0
008 941228c19939999ck uu p 0 0spa c
022 _a0121-7690
040 _aFU
_cFU
_dWaU
_dDLC
_dOCoLC
_dCO-BoIAVH
041 0 _aspa
044 _ack
090 _aSE-
245 1 0 _aBoletín científico /
_cInstituto Nacional de Pesca y Acuicultura.
246 1 7 _aBoletín científico INPA
260 _aBogotá (Colombia) :
_bInstituto Nacional de Pesca y Acuicultura (INPA),
_c1993-
300 _bilustraciones ;
_c24 x 17 cm.
310 _au
500 _aTítulo de la portada.
590 _aSERBIB/SERLOC merged record
650 2 6 _aPesca
_zColombia
_vPublicaciones periódicas
650 2 6 _aAcuicultura
_zColombia
_vPublicaciones periódicas
650 2 6 _aPeces
_zColombia
_vPublicaciones periódicas
650 2 6 _aRecursos pesqueros
_zColombia
_vPublicaciones periódicas
710 2 _aInstituto Nacional de Pesca y Acuicultura (Colombia)
942 _2z
_cREVISTA
_s1
999 _c16731
_d16731